000 01244nam0a22002651 4500
001 rc\248741
005 20260406142733.0
035 _a(NLR Aleph) 005505019
090 _a5346008
_c5346008
100 _a20030307d1990 |||y0rusy50 ca
101 0 _arus
102 _aRU
105 _ay |||||||||
200 1 _aМетодические рекомендации по организации работы с родителями
_fГродн. гос ун-т им. Я. Купалы. Каф. педагогики и др.
_g[Н.Н. Петрикова и др.]
205 _a[3-е изд., испр. и доп.]
210 _aГродно
_cБ. и.
_d1990
215 _a22, [1] с.
_d20
300 _aВ надзаг. также: Гродн. обл. совет Пед. о-ва БССР, Гродн. обл. ин-т усоверш. учителей, Правл. обл. орг. о-ва "Знание"
702 1 _aПетрикова
_bН.Н.
_4220
712 0 2 _aГродненский государственный университет им. Я. Купалы
_bКафедра педагогики
_3RU\NLR\AUTH\889921956
_9339970
801 0 _aRU
_bNLR
_gpsbo
801 1 _aRU
_bELAR
_2rusmarc
852 _aNLR
_j90-4/12690
942 _cBOOK
980 _aNB